Connaissez vous réellement Paris ? - Statistiques

Statistiques générales
  • Ce quiz a été pris 25 fois
  • Le résultat moyen est 20 sur 100
Statistiques - réponses
Arrondissement Catégorie Réponse % Correct
1 Monument / Musée le plus visité Musée du Louvre
77%
1 Station de Métro la plus frequentée Châtelet
68%
1 Espace vert le plus vaste Jardin des Tuileries
68%
7 Monument / Musée le plus visité Tour Eiffel
59%
1 Plus grande rue/avenue Rue de Rivoli
55%
15 Station de Métro la plus frequentée Montparnasse - Bienvenüe
50%
7 Lieu de Spectacle le plus fréquenté Théâtre Tour Eiffel
50%
8 Plus grande rue/avenue Avenue des Champs-Élysées
45%
6 Espace vert le plus vaste Jardin du Luxembourg
45%
9 Monument / Musée le plus visité Opéra Garnier
45%
18 Monument / Musée le plus visité Sacré-Cœur
45%
8 Monument / Musée le plus visité Arc de Triomphe
41%
12 Espace vert le plus vaste Bois de Vincennes
41%
12 Station de Métro la plus frequentée Gare de Lyon
41%
10 Monument / Musée le plus visité | Station de Métro la plus frequentée Gare du Nord
41%
8 Espace vert le plus vaste Parc Monceau
41%
15 Monument / Musée le plus visité Tour Montparnasse
41%
7 Station de Métro la plus frequentée Invalides
36%
15 Plus grande rue/avenue Rue de Vaugirard
36%
16 Espace vert le plus vaste Bois de Boulogne
32%
20 Monument / Musée le plus visité Cimetière Père Lachaise
32%
5 Espace vert le plus vaste Jardin des Plantes
32%
5 Monument / Musée le plus visité Panthéon
32%
14 Espace vert le plus vaste Parc Montsouris
32%
11 Monument / Musée le plus visité Place de la Bastille
32%
8 Station de Métro la plus frequentée Saint-Lazare
32%
5 Station de Métro la plus frequentée Saint-Michel
32%
16 Monument / Musée le plus visité | Station de Métro la plus frequentée Trocadéro
32%
7 Espace vert le plus vaste Champ de Mars
27%
11 Lieu de Spectacle le plus fréquenté Le Bataclan
27%
4 Monument / Musée le plus visité Notre-Dame
27%
19 Espace vert le plus vaste Parc de la Villette
27%
20 Espace vert le plus vaste Père-Lachaise
27%
6 Plus grande rue/avenue Boulevard Saint-Germain
23%
5 Plus grande rue/avenue Boulevard Saint-Michel
23%
1 Lieu de Spectacle le plus fréquenté Comédie-Française
23%
14 Station de Métro la plus frequentée Denfert-Rochereau
23%
4 Station de Métro la plus frequentée Hôtel de Ville
23%
6 Station de Métro la plus frequentée Odéon
23%
18 Station de Métro la plus frequentée Pigalle
23%
11 Station de Métro la plus frequentée République
23%
6 Lieu de Spectacle le plus fréquenté Théâtre de l'Odéon
23%
13 Monument / Musée le plus visité Bibliothèque nationale de France
18%
20 Station de Métro la plus frequentée Gambetta
18%
19 Lieu de Spectacle le plus fréquenté Le Zénith
18%
9 Lieu de Spectacle le plus fréquenté L'Olympia
18%
18 Lieu de Spectacle le plus fréquenté Moulin Rouge
18%
15 Espace vert le plus vaste Parc André Citroën
18%
13 Station de Métro la plus frequentée Place d'Italie
18%
3 Station de Métro la plus frequentée Arts et Métiers
14%
14 Plus grande rue/avenue Avenue du Maine
14%
11 Plus grande rue/avenue Boulevard Voltaire
14%
14 Monument / Musée le plus visité Catacombes de Paris
14%
9 Station de Métro la plus frequentée Chaussée d'Antin - La Fayette
14%
2 Station de Métro la plus frequentée Réaumur-Sébastopol
14%
12 Plus grande rue/avenue Avenue Daumesnil
9%
17 Plus grande rue/avenue Avenue de Clichy
9%
13 Plus grande rue/avenue Avenue d'Italie
9%
6 Monument / Musée le plus visité Eglise de Saint-Sulpice
9%
19 Station de Métro la plus frequentée Jaurès
9%
12 Lieu de Spectacle le plus fréquenté Opéra Bastille
9%
17 Station de Métro la plus frequentée Place de Clichy
9%
4 Espace vert le plus vaste Place des Vosges
9%
9 Plus grande rue/avenue Rue de Lafayette
9%
3 Espace vert le plus vaste Square du Temple
9%
19 Plus grande rue/avenue Avenue de Flandre
5%
16 Plus grande rue/avenue Avenue Foch
5%
10 Plus grande rue/avenue Boulevard de Magenta
5%
19 Monument / Musée le plus visité Cité des Sciences
5%
15 Lieu de Spectacle le plus fréquenté Dôme de Paris
5%
2 Lieu de Spectacle le plus fréquenté Grand Rex
5%
5 Lieu de Spectacle le plus fréquenté Le Champo
5%
3 Monument / Musée le plus visité Musée Picasso
5%
13 Espace vert le plus vaste Parc de Choisy
5%
17 Espace vert le plus vaste Parc Martin Luther King
5%
20 Plus grande rue/avenue Rue des Pyrénées
5%
3 Plus grande rue/avenue Rue de Turbigo
5%
16 Lieu de Spectacle le plus fréquenté Théâtre de Chaillot
5%
8 Lieu de Spectacle le plus fréquenté Théâtre Marigny
5%
7 Plus grande rue/avenue Avenue de Suffren
0%
14 Lieu de Spectacle le plus fréquenté Bobino
0%
10 Espace vert le plus vaste Canal Saint-Martin
0%
3 Lieu de Spectacle le plus fréquenté Gaîté Lyrique
0%
20 Lieu de Spectacle le plus fréquenté La Maroquinerie
0%
2 Monument / Musée le plus visité Palais Brongniart
0%
17 Lieu de Spectacle le plus fréquenté Palais des Congrès
0%
12 Monument / Musée le plus visité Palais Porte Dorée
0%
13 Lieu de Spectacle le plus fréquenté Pathé Quai d'Ivry
0%
2 Plus grande rue/avenue Rue d'Aboukir
0%
18 Plus grande rue/avenue Rue Ordener
0%
4 Plus grande rue/avenue Rue Saint-Antoine
0%
11 Espace vert le plus vaste Square Gardette
0%
18 Espace vert le plus vaste Square Louise-Michel
0%
2 Espace vert le plus vaste Square Louvois
0%
9 Espace vert le plus vaste Square Montholon
0%
10 Lieu de Spectacle le plus fréquenté Théâtre Antoine
0%
4 Lieu de Spectacle le plus fréquenté Théâtre de la Ville
0%
17 Monument / Musée le plus visité Tribunal de Paris
0%
Aucun quiz correspondant
Distribution des résultats
% des personnes avec chaque résultat
Percentile par nombre de réponses
Votre historique - résultats
Vous n’avez pas pris ce quiz